| 000 | 00785nam a22002057a 4500 | ||
|---|---|---|---|
| 005 | 20140520110336.0 | ||
| 008 | 130405b enk||||| |||| 00| 0 eng d | ||
| 020 | _a190771328X | ||
| 020 | _a9781907713286 | ||
| 100 | _aAdhinarta, Yuzo. | ||
| 245 |
_aThe doctrine of the Holy Spirit in the major Reformed confessions and catechisms of the sixteenth and seventeenth centuries / _cYuzo Adhinarta. |
||
| 260 |
_aCarlisle : _bLangham Monographs, _c2012. |
||
| 300 |
_axvi, 235 p. ; _c23 cm. |
||
| 504 | _aIncludes bibliographical references (p. 223-235). | ||
| 650 |
_aHoly Spirit$xHistory of doctrines _y16th century. |
||
| 650 |
_aHoly Spirit$xHistory of doctrines _y17th century. |
||
| 650 |
_aReformed Church _xCatechisms. |
||
| 650 |
_aReformed Church _xCreeds. |
||
| 942 |
_2lcc _cBK |
||
| 999 |
_c36372 _d36372 |
||